000 01417cam a2200397 i 4500
005 20260322212016.0
008 data
010 _a 2012048982
020 _a9781439102763
020 _z9781439149706 (ebook)
020 _a9781439102770 (tp)
020 _a1439102767
040 _aDLC
_beng
_cDLC
_erda
_dDLC
042 _apcc
050 0 0 _aPS3566.I372
_bS76 2013
082 0 0 _a813/.54
_223
099 _aPICOUJ
100 1 _aPicoult, Jodi,
_d1966-
245 1 4 _aThe storyteller :
_ba novel /
_cJodi Picoult.
250 _aFirst Emily Bestler Books/Atria Books hardcover edition.
260 _aNew York ;
_bAtria Books,
_c2013.
264 1 _aNew York :
_bEmily Bestler Books/Atria,
_c2013.
300 _aix, 460 pages ;
_c25 cm
336 _atext
_2rdacontent
337 _aunmediated
_2rdamedia
338 _avolume
_2rdacarrier
650 0 _aBakers
_vFiction.
650 0 _aFriendship
_vFiction.
650 0 _aGood and evil
_vFiction.
650 0 _aEx-Nazis
_vFiction.
655 0 _aPsychological fiction.
906 _a7
_bcbc
_corignew
_d1
_eecip
_f20
_gy-gencatlg
925 0 _aAcquire
_b2 shelf copies
_xpolicy default
001 data
999 _c347
_d347